000 00537nam a2200181 4500
008 010515s1995 us 0 engYA
020 _a0842313850
090 _aBF637.H4
_bC69h
_b1995
100 1 _aCollins, Gary R.
245 1 0 _aHow to be a people helper /
_cGary R. Collins
260 _aIllinois :
_bTyndale House,
_cc1995.
300 _axi, 226 p.
504 _aIncludes bibliographical references.
650 4 _aCounseling
650 4 _aHelping behavior
650 4 _aPastoral counseling
650 4 _aPeer counseling in the church
999 _c1333
_d1333